Mistrzowie Czarnogóry w piłce nożnej - nagła śmierć - Statystyki

Ogólne statystyki
  • Ten quiz został rozwiązany 15 razy
  • Średni wynik to 2 z 7
Answers on the Grid
Answers color-coded by a green-red scale on the quiz's grid according to % correct below.
Budućnost Podgorica
Mornar Bar
Dečić Tuzi
FK Jezero
Sutjeska Nikšić
OFK Titograd
OFK Mladost DG
FK Mogren
Rudar Pljevlja
Arsenal Tivat
FK Lovćen
Zeta Golubovci
 
Statystyki odpowiedzi
Odpowiedź % Poprawnych
Budućnost Podgorica
82%
Sutjeska Nikšić
36%
Dečić Tuzi
27%
Zeta Golubovci
27%
Rudar Pljevlja
18%
OFK Titograd
9%
FK Mogren
0%
Nie znaleziono quizów pasujących do podanych kryteriów
Rozkład punktacji
Procent ludzi z każdym wynikiem
Percentyl według liczby udzielonych odpowiedzi
Twoja historia wyników
Nie rozwiązałeś tego quizu